000 02829cam a22002415a 4500
001 L154941
008 120206s2011 xxk f 000 0 eng d
020 _a9789400714489
035 _a(Sirsi) u154941
041 0 _aeng
245 0 0 _aProtection of Built Environment against earthquakes
_h[electronic resource]
260 _bSpringer Verlag
_c2011
300 _aeBook
505 2 _a1 Global Earthquake Model: Community-Based Seismic Risk Assessment -- 2 Frameworks for the Consideration of Ground Motion and Seismic Response Uncertainties in Seismic Performance Assessment -- 3 Design Earthquakes and Conditional Hazard -- 4 Orientation Dependence of Earthquake Ground Motion and Structural Response -- Part II Seismic Performance Assessment, Risk Analysis and Design of Structures -- 5 Some Thoughts on Methods to Compare the Seismic Performance of Alternate Structural Designs -- 6 Static Versus Dynamic Methods of Analysis for Estimating Seismic Performance -- 7 Seismic Design Modification Factors for Steel SMRFs for Uniform Collapse Safety -- 8 Tools and Strategies for the Performance-Based Seismic Assessment of Masonry Buildings -- 9 Explicit Probabilistic Seismic Design of RC Structures Through an Elastic Proxy -- 10 Structural Optimization: An Assessment Approach of Design Procedures Against Earthquake Hazard -- 11 Simplified Estimation of Seismic Risk for Buildings with Consideration of Structural Ageing -- 12 A Toolbox and Web Application for the Seismic Performance Assessment of Buildings -- 13 Recent Advances in the Seismic Analysis and Design of RC Bridges in Slovenia -- 14 A Multi-Platform Simulation Alternative for the Performance-Based Design of Interactive Soil-Bridge Systems -- 15 The Role of Probabilistic Methods in Evaluating the Seismic Risk of Concrete Dams
520 _aIn order to contribute to the solution of the described issue the Institute of Structural Engineering, Earthquake Engineering and Construction IT organized an International Workshop on Protection of Build Environment Against Earthquakes which took place on August 27 and 28, 2010, in Ljubljana, Slovenia. This book is the result of the aforementioned event and the work of additional researchers that were invited to contribute chapters. The book is in organized in two parts, the first part contains six chapters addressing the seismic hazard, earthquake models and ground motions, while the second part consists of twelve chapters and addresses seismic performance assessment methods, risk analysis and design procedures of structures.
590 _aka ntk
650 2 4 _aEBOOK
651 4 _aInternational
690 _aSustainability
_96271
700 1 _aDolések, Matjaéz
_eEditor
856 4 0 _uhttps://www.vlebooks.com/
_zView on VLEbooks. Logins for members only from [email protected]
942 _n0
999 _c113250
_d113250